Nueva Revista de Política, Cultura y Arte : mayo-junio 2002 /

Publicación española de ciencias sociales, centrada en este número en asuntos mexicanos. Contenido: México y España. La superación de una fractura política; Oportunidades y amenazas en la actual transición mexicana; La condición posmexicana; Historia mínima de los gobiernos mexicanos; La liberalizac...

詳細記述

保存先:
書誌詳細
その他の著者: Llano, Rafael (dirección) (dirección), Fontán, Antonio (dirección) (dirección)
フォーマット: 図書
言語:スペイン語
出版事項: Madrid, España : Difusiones y Promociones Editoriales, 2002, c2002
主題:
タグ: タグ追加
タグなし, このレコードへの初めてのタグを付けませんか!

MARC

LEADER 00000nam^a2200000^a^4500
001 000154395
005 20250521000000.0
009 20260310100351.274
022 |a 1130-0426 
037 |a Acervo ITESO - Biblioteca 
041 |a ESP 
082 |a 300. 5  |b NUE V. 81 
240 1 1 |a [Nueva Revista de Política, Cultura y Arte] 
245 0 0 |a Nueva Revista de Política, Cultura y Arte :  |b mayo-junio 2002 /  |c Dir. de R. Llano ; ed. de A. Fontán. 
264 4 |a Madrid, España :  |b Difusiones y Promociones Editoriales,  |c 2002, c2002 
300 |a 176 p. 
336 |a texto  |b txt  |2 rdacontenido 
337 |a sin mediación  |b n  |2 rdamedio 
338 |a volumen  |b nc  |2 rdasoporte 
520 |a Publicación española de ciencias sociales, centrada en este número en asuntos mexicanos. Contenido: México y España. La superación de una fractura política; Oportunidades y amenazas en la actual transición mexicana; La condición posmexicana; Historia mínima de los gobiernos mexicanos; La liberalización que empezó con los gobiernos del PRI; El Instituto Federal Electoral; A la búsqueda de la normalidad democrática; ¿Podría afrontar México una reforma constitucional?; Transición, pero a medias; Las razones de un entendimiento inteligente; Estados Unidos, motor de la economía mexicana; Compensación-corrupción: un círculo vicioso; La nueva agencia de mujeres; Medios de comunicación; Notas para una aproximación a la cultura chicana; La conservación del patrimonio cultural en el siglo XX; La herencia de Luis Barragán; Juan Rulfo; Todos a una, cristeros: ¡sigan la bandera! 
586 |a Premio Pritzker 1980: Biografías, crítica e interpretación 
586 |a Premio Príncipe de Asturias de las Letras 1983: Biografías, crítica e interpretación 
586 |a Premio Nacional de Ciencias y Artes, categoría Bellas Artes (27°: 1976), ex aequo: Biografías, crítica e interpretación 
586 |a Premio Nacional de Ciencias y Artes, categoría Lingüística y Literatura (21°: 1970): Biografías, crítica e interpretación 
610 |a Instituto Federal Electoral (México) 
649 |a XX 
650 |a Arquitectos Jaliscienses 
650 |a Arquitectos Mexicanos 
650 |a Escritores Jaliscienses 
650 |a Escritores Mexicanos 
650 |a Chicanos -  |x Condiciones Sociales y Culturales 
650 |a Mujeres -  |z México -  |x Condiciones Políticas 
650 |a Mujeres -  |z México -  |x Condiciones Sociales y Culturales 
650 |a Partidos Políticos -  |z México 
650 |a Instituciones Políticas -  |z México 
650 |a Literatura Jalisciense -  |x Historia y Crítica 
650 |a Literatura Jalisciense -  |y Siglo XX 
650 |a Literatura Mexicana -  |x Historia y Crítica 
650 |a Literatura Mexicana -  |y Siglo XX 
650 |a Literatura Chicana -  |x Historia y Crítica 
650 |a Literatura Chicana -  |y Siglo XX 
650 |a Arquitectura Moderna -  |z Jalisco -  |x Historia y Crítica 
650 |a Arquitectura Moderna -  |z México -  |x Historia y Crítica 
650 |a Arquitectura Jalisciense -  |x Historia y Crítica 
650 |a Arquitectura Jalisciense -  |y Siglo XX 
650 |a Arquitectura Mexicana -  |x Historia y Crítica 
650 |a Arquitectura Mexicana -  |y Siglo XX 
650 |a Arte Jalisciense -  |x Historia y Crítica 
650 |a Arte Jalisciense -  |y Siglo XX 
650 |a Arte Mexicano -  |x Historia y Crítica 
650 |a Arte Mexicano -  |y Siglo XX 
650 |a Identidad Nacional -  |z México 
650 |a Identidad Cultural -  |z México 
650 |a Género -  |z México -  |x Historia -  |y Siglo XX 
650 |a Cultura -  |z México 
650 |a Comercio Internacional -  |z México-Unión Europea -  |x Historia 
650 |a Comercio Internacional -  |z México-EUA-Canadá -  |x Historia 
650 |a Tratado de Libre Comercio -  |z México-EUA-Canadá -  |x Historia 
650 |a Relaciones Internacionales -  |z México-España -  |x Historia 
650 |a Participación Política -  |z México 
650 |a Cultura Política -  |z México 
650 |a Corrupción -  |z México 
650 |a Política de Comunicación -  |z México 
650 |a Comunicación y Democracia -  |z México 
650 |a Comunicación y Política -  |z México 
650 |a Transición Política -  |z México -  |x Historia -  |y 2000-2006 
650 |a Reforma Constitucional -  |z México 
650 |a Reforma Jurídica -  |z México 
650 |a Economía -  |z México -  |x Historia -  |y Siglo XX 
650 |a Política -  |z México -  |x Historia -  |y Siglo XX 
650 |a México -  |x Condiciones Económicas 
650 |a México -  |x Condiciones Políticas 
650 |a Guerra Cristera -  |x Historia 
650 |a Villa Hidalgo, Jalisco -  |x Historia -  |y Régimen Callista, 1924-1928 
650 |a Jalisco -  |x Historia -  |y Régimen Callista, 1924-1928 
650 |a México -  |x Historia -  |y Régimen Callista, 1924-1928 
650 |a Jalisco -  |x Historia -  |y Siglo XX 
650 |a México -  |x Historia -  |y Siglo XX 
650 |a México -  |x Tema Principal 
650 |a Sociología Política 
650 |a Política -  |x Publicaciones Periódicas Españolas 
650 |a Cultura -  |x Publicaciones Periódicas Españolas 
650 |a Arte -  |x Publicaciones Periódicas Españolas 
650 |a Ciencias Sociales -  |x Publicaciones Periódicas Españolas -  |x Tema Principal 
650 |a Publicaciones Periódicas Españolas 
650 |a Barragán, Luis 
650 |a Rulfo, Juan 
650 |a Partido Acción Nacional -  |z México 
650 |a Partido Revolucionario Institucional -  |z México 
700 |a Llano, Rafael  |e (dirección) 
700 |a Fontán, Antonio  |e (dirección) 
910 |a Fondo General 
920 |a Impresos - Libros 
930 |a Colección General 
905 |a 101 
901 |a 0500086319  |b IT1  |c ACC  |u 20250521 
902 |a https://opac.biblio.iteso.mx/vufind/Record/000154395